Mr. Edvvard Hydes' speech at a conference betweene both Houses, on Tewsday the 6th. of July, 1641. : At the transmission of the severall impeachments against the Lord Chiefe Barron Dampert, Mr. Barron Trevor, and Mr. Barron Weston.

Bibliographic Details
Main Author: Clarendon, Edward Hyde, Earl of, 1609-1674
Format: eBook
Language:English
Published: Printed at London : for Abel Roper, at the Black Spread-Eagle, against St. Dunstans Church in Fleet-Street, 1641.
Series:Early English books online.
Subjects:
Online Access:Connect to the full text of this electronic book

MARC

Tag First Indicator Second Indicator Subfields
LEADER 00000nam a2200000 4500
001 in00004338939
005 20200812100123.0
006 m g d
007 cr bn |||a|bb|
008 860115s1641 enk o 00| | eng d
035 |a (UnM)99859612 
037 |a CL0051000001  |b ProQuest Information and Learning. 300 N. Zeeb Rd., Ann Arbor, MI 48106 
040 |a Cu-RivES  |c Cu-RivES  |d CStRLIN  |e dcrb  |d WaOLN 
100 1 |a Clarendon, Edward Hyde,  |c Earl of,  |d 1609-1674. 
245 1 0 |a Mr. Edvvard Hydes' speech at a conference betweene both Houses, on Tewsday the 6th. of July, 1641. :  |b At the transmission of the severall impeachments against the Lord Chiefe Barron Dampert, Mr. Barron Trevor, and Mr. Barron Weston. 
246 3 |a Speech at a conference betweene both Houses, on Tewsday the 6th. of July, 1641 
246 3 |a Mr. Edward Hydes' speech at a conference betweene both Houses, on Tewsday the 6th. of July, 1641. 
260 |a Printed at London :  |b for Abel Roper, at the Black Spread-Eagle, against St. Dunstans Church in Fleet-Street,  |c 1641. 
300 |a 1 online resource ([2], 12 pages) 
336 |a text  |b txt  |2 rdacontent 
337 |a computer  |b c  |2 rdamedia 
338 |a online resource  |b cr  |2 rdacarrier 
500 |a In line 8 of the title, the "e" in "Dampert" is inverted. 
500 |a Line six of another edition has "Tuesday" instead of "Tewsday". 
500 |a Reproduction of the original in the British Library. 
510 4 |a Wing (2nd edition, 1994)  |c C4426. 
510 4 |a Thomason  |c E.198[36]. 
533 |a Electronic reproduction.  |b Ann Arbor, Mich. :  |c UMI,  |d 1999-  |f (Early English books online)  |n Digital version of: (Thomason Tracts ; 35:E198[36])  |7 s1999 miun s 
600 1 0 |a Davenport, Humphrey,  |c Sir,  |d 1566-1645. 
600 1 0 |a Trevor, Thomas,  |c Sir,  |d 1586-1656. 
600 1 0 |a Weston, Richard,  |c Sir,  |d 1579?-1652. 
650 0 |a Impeachments  |z England  |v Early works to 1800. 
651 4 |a Great Britain  |x History  |y Charles I, 1625-1649  |v Early works to 1800. 
830 0 |a Early English books online. 
856 4 0 |u http://proxy.library.tamu.edu/login?url=https://search.proquest.com/docview/2240864747  |z Connect to the full text of this electronic book  |t 0 
999 f f |s 95f6565f-021a-3086-b11b-f59fa2b65e40  |i 25725d4f-d77a-3053-9082-8f2707094a96  |t 0 
952 f f |a Texas A&M University  |b College Station  |c Electronic Resources  |d Available Online  |t 0  |h No information provided 
998 f f |t 0  |l Available Online